000 00817nam a2200277 i 4500
008
020 _a0201172852 (hbk.)
049 _aMAIN
090 _aQC21.2
_bSEA
100 1 _aSears, Francis W.
245 1 0 _aCollege physics /
_cFrancis W. Sears, Mark W. Zemansky, Hugh D. Young.
250 _a7th ed.
260 _aReading, Mass :
_bAddison-Wesley Pub. Co,
_c1991.
300 _axvii, 1060 p. :
_bill. (some col.) ;
_c29 cm.
440 0 _aAddison-Wesley series in physics.
500 _aIncludes index.
650 0 _aPhysics.
700 _aYoung, Hugh D.
700 1 _aZemansky, Mark Waldo.
700 1 _aYoung, Hugh D.
907 _a.b10248134
_b19-02-13
_c05-07-07
003
005 20230123134458.0
040 _cNUST
942 _cBOOKS
_kQC21.2
_mSEA
999 _c166643
_d166643